Islands by Country - Statistics

General Stats
  • This quiz has been taken 132 times
    107 since last reset
  • The average score is 24 of 33
Answer Stats
Country Hint Islands % Correct
British colony returned in 1997 Hong Kong
91%
Italy Most populated Italian island Sicily
91%
Second largest island in Italy Sardinia
88%
France Largest French island Corsica
87%
Indonesia Five main islands Java
87%
Portuguese colony returned in 1999 Macau
86%
Australia Largest Australian island Tasmania
86%
Large Carribean territory Puerto Rico
85%
Largest Hawaiian island Hawai'i
84%
Japan Four main islands Honshu
81%
Sumatra
81%
Resort island Bali
79%
Borneo
79%
Hokkaido
79%
Largest island of New York Long Island
78%
Next to Labrador Newfoundland
76%
The only island province Prince Edward Island
76%
Philippines Two main islands Luzon
73%
Discovered on Christmas Day Christmas Island
72%
Martinique
71%
United States Honolulu Oahu
71%
Home to Iqaluit Baffin Island
70%
Sulawesi
65%
China Largest Chinese Island Hainan
63%
Canada It's close to Vancouver Vancouver Island
63%
Large French island territory in Oceania New Caledonia
62%
New Guinea
62%
Birthplace of karate Okinawa
60%
Kyushu
58%
Mindanao
52%
The two largest French island in the Carribean Guadeloupe
49%
Shikoku
48%
Another Australian external territory Norfolk Island
28%
No matching quizzes found
Score Distribution
Percent of People with Each Score
Percentile by Number Answered
Your Score History
You have not taken this quiz since the last reset